Economic Survey 1999-2000 (Record no. 346860)

000 -LEADER
fixed length control field 00304 a2200121 4500
090 ## - LOCALLY ASSIGNED LC-TYPE CALL NUMBER (OCLC); LOCAL CALL NUMBER (RLIN)
-- 4416
-- 4416
110 ## - MAIN ENTRY--CORPORATE NAME
Corporate name or jurisdiction name as entry element Government of Pakistan
245 ## - TITLE STATEMENT
Title Economic Survey 1999-2000
260 ## - PUBLICATION, DISTRIBUTION, ETC.
Place of publication, distribution, etc. Islamabad
Name of publisher, distributor, etc. Finance Division
Date of publication, distribution, etc. 2000
300 ## - PHYSICAL DESCRIPTION
Extent 165p.
500 ## - GENERAL NOTE
General note Papercover
942 ## - ADDED ENTRY ELEMENTS (KOHA)
Institution code [OBSOLETE] NBS
Koha item type Book
Call number prefix 330.955491 GOV
Holdings
Withdrawn status Lost status Damaged status Not for loan Permanent Location Current Location Date acquired Full call number Barcode Date last seen Price effective from Koha item type
        Central Library (CL) Central Library (CL) 08/28/2013 330.955491 GOV NBS2895 05/23/2014 08/28/2013 Reference
© 2023 Central Library, National University of Sciences and Technology. All Rights Reserved.